00377nam a2200157Ia 450000500170000000800410001702000150005808200190007310000140009224500340010626000260014030000170016665000110018365000120019465000130020620241219050550.0240331s9999 xx 000 0 und d a8185604452 bGEE21913a305 aGeetha, V 0aGender :bTheorizing Feminism aCalcuttabSTREEc2002 axvi, 149 p., aGender aHistory aFeminism